[Event "GBR-ch108 Under 16"]
[Site "Torquay"]
[Date "2022.08.09"]
[Round "2"]
[White "Buckman, Cyrus"]
[Black "Jithendra, Raina"]
[Result "1-0"]
[WhiteElo "1218"]
[BlackElo "1342"]
[PlyCount "97"]
[EventDate "2022.08.08"]
[EventType "swiss"]
[EventRounds "7"]
[EventCountry "GBR"]
[SourceTitle "BritBase"]
[Source "John Saunders"]
[SourceDate "2021.06.05"]
[SourceVersion "1"]
[SourceVersionDate "2021.06.05"]
[SourceQuality "1"]

1. d4 d5 2. c4 Nf6 3. Nf3 e6 4. Nc3 Be7 5. Bf4 c6 6. e3 O-O 7. c5 Nbd7 8. b4 b5
9. a4 bxa4 10. Qxa4 Bb7 11. b5 Qc8 12. h3 Re8 13. bxc6 Bxc6 14. Bb5 Bxb5 15.
Nxb5 Rd8 16. Nxa7 Qb7 17. c6 Qb4+ 18. Qxb4 Bxb4+ 19. Ke2 Nb6 20. c7 Re8 21.
Rhb1 Nc8 22. Rxb4 Rxa7 23. Rxa7 Nxa7 24. Rb8 h6 25. Ne5 g5 26. Nc6 Nc8 27. Rxc8
Rxc8 28. Ne7+ Kf8 29. Nxc8 Ne8 30. Nb6 Nxc7 31. Bxc7 Ke7 32. Kf3 Kf6 33. e4
dxe4+ 34. Kxe4 h5 35. g4 hxg4 36. hxg4 Ke7 37. f4 gxf4 38. Kxf4 f6 39. Nc8+ Kd7
40. Bd6 Ke8 41. Be5 f5 42. gxf5 exf5 43. Kxf5 Kd7 44. d5 Kxc8 45. Ke6 Kd8 46.
d6 Ke8 47. d7+ Kd8 48. Bf6+ Kc7 49. d8=Q+ 1-0

[Event "GBR-ch108 Under 16"]
[Site "Torquay"]
[Date "2022.08.09"]
[Round "2"]
[White "Fleri, Luke"]
[Black "Ismail, Mohammed Aayan"]
[Result "0-1"]
[WhiteElo "1483"]
[BlackElo "1956"]
[PlyCount "86"]
[EventDate "2022.08.08"]
[EventType "swiss"]
[EventRounds "7"]
[EventCountry "GBR"]
[SourceTitle "BritBase"]
[Source "John Saunders"]
[SourceDate "2021.06.05"]
[SourceVersion "1"]
[SourceVersionDate "2021.06.05"]
[SourceQuality "1"]

1. e4 c6 2. d4 d5 3. Nd2 dxe4 4. Nxe4 Nf6 5. Nxf6+ exf6 6. Be3 Bd6 7. Nf3 O-O
8. Be2 Re8 9. O-O Nd7 10. c4 Nf8 11. a4 Ng6 12. c5 Bf4 13. Ra3 Be6 14. b4 Bd5
15. Nd2 Qc7 16. g3 Bxe3 17. fxe3 Rad8 18. Bf3 Qd7 19. e4 Be6 20. Nb3 Bxb3 21.
Qxb3 Qxd4+ 22. Kg2 Qd2+ 23. Rf2 Qg5 24. Kf1 Ne5 25. Kg2 Rd2 26. Ra2 Rd3 27. Qb1
Qe3 28. Rae2 Qd4 29. Qb2 Qd7 30. Rd2 Rd8 31. Rde2 Nc4 32. Qc1 Qd4 33. Re1 Ne5
34. Qb1 Nxf3 35. Rxf3 Rd2+ 36. Kh3 Qd7+ 37. g4 h5 38. Rg1 Qc7 39. Rgg3 h4 40.
Kxh4 Rxh2+ 41. Rh3 Qe5 42. Qf1 g5+ 43. Kh5 Kg7 0-1

[Event "GBR-ch108 Under 16"]
[Site "Torquay"]
[Date "2022.08.09"]
[Round "2"]
[White "Harandi, Teymour"]
[Black "Edwards, David M"]
[Result "1-0"]
[WhiteElo "1128"]
[BlackElo "2197"]
[PlyCount "93"]
[EventDate "2022.08.08"]
[EventType "swiss"]
[EventRounds "7"]
[EventCountry "GBR"]
[SourceTitle "BritBase"]
[Source "John Saunders"]
[SourceDate "2021.06.05"]
[SourceVersion "1"]
[SourceVersionDate "2021.06.05"]
[SourceQuality "1"]

1. e4 e5 2. Nf3 Nc6 3. d4 exd4 4. Nxd4 Nxd4 5. Qxd4 c5 6. Qd3 Nf6 7. Bg5 c4 8.
Qxc4 Qa5+ 9. Bd2 Qe5 10. Nc3 Be7 11. O-O-O O-O 12. f4 Qc5 13. Be2 Qxc4 14. Bxc4
Ng4 15. Rde1 a5 16. h3 Nf6 17. g4 d6 18. e5 dxe5 19. fxe5 Nd7 20. e6 Nc5 21.
exf7+ Kh8 22. Rxe7 Bd7 23. Rf1 h6 24. Bb5 Bxb5 25. Nxb5 Kh7 26. Nc7 Rac8 27.
Re8 Rcxe8 28. Nxe8 Nd7 29. Bxa5 Ne5 30. Bb4 Rxf7 31. Rxf7 Nxf7 32. Nd6 Nxd6 33.
Bxd6 Kg6 34. Kd2 Kf7 35. Ke3 Ke6 36. Bf8 Kf7 37. Bc5 Kf6 38. Kf4 g5+ 39. Ke4
Kf7 40. a4 Ke8 41. b4 Kf7 42. a5 Kg7 43. b5 Kg6 44. a6 bxa6 45. bxa6 h5 46. a7
hxg4 47. hxg4 1-0

[Event "GBR-ch108 Under 16"]
[Site "Torquay"]
[Date "2022.08.09"]
[Round "2"]
[White "Jackson, Edward"]
[Black "Srivastava, Arnav"]
[Result "0-1"]
[WhiteElo "1496"]
[BlackElo "1594"]
[PlyCount "74"]
[EventDate "2022.08.08"]
[EventType "swiss"]
[EventRounds "7"]
[EventCountry "GBR"]
[SourceTitle "BritBase"]
[Source "John Saunders"]
[SourceDate "2021.06.05"]
[SourceVersion "1"]
[SourceVersionDate "2021.06.05"]
[SourceQuality "1"]

1. e4 e5 2. Nf3 Nc6 3. Bb5 a6 4. Ba4 Nf6 5. O-O Be7 6. Re1 b5 7. Bb3 O-O 8. a4
b4 9. d4 d6 10. dxe5 dxe5 11. Nbd2 Bg4 12. h3 Bxf3 13. Nxf3 Qxd1 14. Rxd1 Bc5
15. Bd5 Nxd5 16. exd5 Nd4 17. Nxe5 Nxc2 18. Rb1 Rfe8 19. Nd3 Bd6 20. Bd2 b3 21.
Bc3 Re4 22. a5 Rb8 23. Rd2 f6 24. Rbd1 Rc4 25. g3 Rb5 26. Ne1 Nb4 27. Nf3 Na2
28. Nd4 Nxc3 29. Nxb5 Nxd1 30. Nxd6 Rc1 31. Kg2 cxd6 32. Rd3 Nxb2 33. Rxb3 Nc4
34. Rb8+ Kf7 35. Ra8 Ra1 36. Rxa6 Rxa5 37. Rc6 Rc5 0-1

[Event "GBR-ch108 Under 16"]
[Site "Torquay"]
[Date "2022.08.09"]
[Round "2"]
[White "Jayawarna, Tarini"]
[Black "Tomy, Jeff"]
[Result "0-1"]
[WhiteElo "1295"]
[BlackElo "1577"]
[PlyCount "106"]
[EventDate "2022.08.08"]
[EventType "swiss"]
[EventRounds "7"]
[EventCountry "GBR"]
[SourceTitle "BritBase"]
[Source "John Saunders"]
[SourceDate "2021.06.05"]
[SourceVersion "1"]
[SourceVersionDate "2021.06.05"]
[SourceQuality "1"]

1. e4 c5 2. Nf3 Nc6 3. d4 cxd4 4. Nxd4 Nf6 5. Nc3 e5 6. Ndb5 d6 7. Bg5 a6 8.
Na3 b5 9. Nd5 Be7 10. Bxf6 Bxf6 11. c3 Bg5 12. Nc2 O-O 13. a4 bxa4 14. Rxa4 f5
15. Bd3 fxe4 16. Bxe4 Rb8 17. Ra2 Na5 18. Nce3 Be6 19. Qh5 Bh6 20. Nf5 Rxf5 21.
Qg4 Bxd5 22. Bxd5+ Rf7 23. Bxf7+ Kxf7 24. Qa4 Rb5 25. O-O Qb6 26. b4 Nc4 27.
Qxa6 Qxa6 28. Rxa6 Bd2 29. Rc6 d5 30. Ra1 Rb7 31. Raa6 Bxc3 32. b5 h6 33. b6
Kg8 34. h4 Bd4 35. Rc7 Rxb6 36. Ra8+ Kh7 37. h5 Rb1+ 38. Kh2 Nb6 39. Rd8 e4 40.
Rb7 Rb2 41. Rbb8 Be5+ 42. Kh3 Bxb8 43. Rxb8 Nc4 44. Rxb2 Nxb2 45. Kg4 Nd3 46.
Kg3 g6 47. f4 e3 48. Kf3 Nxf4 49. Kxe3 Nxh5 50. Kd4 Nf6 51. Ke5 g5 52. Kd4 Kg6
53. g4 h5 0-1

[Event "GBR-ch108 Under 16"]
[Site "Torquay"]
[Date "2022.08.09"]
[Round "2"]
[White "Liu, Jack"]
[Black "Neenan, Henry"]
[Result "1-0"]
[WhiteElo "1417"]
[BlackElo "1570"]
[PlyCount "102"]
[EventDate "2022.08.08"]
[EventType "swiss"]
[EventRounds "7"]
[EventCountry "GBR"]
[SourceTitle "BritBase"]
[Source "John Saunders"]
[SourceDate "2021.06.05"]
[SourceVersion "1"]
[SourceVersionDate "2021.06.05"]
[SourceQuality "1"]

1. e4 c6 2. d4 d5 3. e5 Bf5 4. Nd2 e6 5. Nb3 Nd7 6. Nf3 c5 7. dxc5 Ne7 8. Bb5
Nc6 9. O-O Qc7 10. Bf4 Nxc5 11. Nfd4 h6 12. Nxf5 exf5 13. Nxc5 Bxc5 14. Qxd5
Be7 15. Qc4 g5 16. Bd2 O-O 17. Bc3 Rac8 18. Bxc6 Qxc6 19. Qxc6 Rxc6 20. Rfd1
Rfc8 21. Rd7 R6c7 22. Rad1 Rxd7 23. Rxd7 Rd8 24. Rxd8+ Bxd8 25. Bd4 a6 26. Kf1
Kf8 27. Ke2 Ke7 28. Ke3 f4+ 29. Ke4 Ke6 30. a4 Bc7 31. b4 b5 32. axb5 axb5 33.
c4 bxc4 34. b5 Bb8 35. b6 h5 36. g3 fxg3 37. fxg3 g4 38. Bc3 Kd7 39. Kd5 Ke7
40. Kxc4 f5 41. exf6+ Kf7 42. Kd5 h4 43. Be5 hxg3 44. hxg3 Bxe5 45. Kxe5 Kf8
46. Ke6 Kg8 47. b7 Kh7 48. Kf7 Kh6 49. b8=Q Kg5 50. Qf4+ Kh5 51. Qf5+ Kh6 1-0

[Event "GBR-ch108 Under 16"]
[Site "Torquay"]
[Date "2022.08.09"]
[Round "2"]
[White "Sachdeva, Ronit"]
[Black "Pollack, Maximo"]
[Result "1-0"]
[WhiteElo "1327"]
[BlackElo "1189"]
[PlyCount "63"]
[EventDate "2022.08.08"]
[EventType "swiss"]
[EventRounds "7"]
[EventCountry "GBR"]
[SourceTitle "BritBase"]
[Source "John Saunders"]
[SourceDate "2021.06.05"]
[SourceVersion "1"]
[SourceVersionDate "2021.06.05"]
[SourceQuality "1"]

1. e4 c6 2. Nf3 d5 3. Nc3 d4 4. Ne2 c5 5. Ng3 Nc6 6. Bb5 Qb6 7. Qe2 Bg4 8.
Bxc6+ Qxc6 9. Nxd4 cxd4 10. Qxg4 Nf6 11. Qe2 Qxc2 12. d3 Qxe2+ 13. Kxe2 e5 14.
f4 Bd6 15. Nf5 Bf8 16. fxe5 Nd7 17. Nxd4 Nxe5 18. Bf4 Ng6 19. Bg3 Rd8 20. Nb5
Bc5 21. Rac1 Bb6 22. Nd6+ Ke7 23. Nf5+ Kf6 24. Rhf1 Rd7 25. Rf3 Ne5 26. Bxe5+
Kxe5 27. Ne3 Bc7 28. Nd5 Bd6 29. b3 b5 30. Ke3 Ke6 31. Rcf1 Bxh2 32. Rf6+ 1-0

[Event "GBR-ch108 Under 16"]
[Site "Torquay"]
[Date "2022.08.09"]
[Round "2"]
[White "Weersing, Abigail Riis"]
[Black "Gardner, Leo"]
[Result "1-0"]
[WhiteElo "1620"]
[BlackElo "1420"]
[PlyCount "107"]
[EventDate "2022.08.08"]
[EventType "swiss"]
[EventRounds "7"]
[EventCountry "GBR"]
[SourceTitle "BritBase"]
[Source "John Saunders"]
[SourceDate "2021.06.05"]
[SourceVersion "1"]
[SourceVersionDate "2021.06.05"]
[SourceQuality "1"]

1. d4 Nf6 2. c4 g6 3. Nc3 Bg7 4. e4 d6 5. Nge2 O-O 6. Ng3 e5 7. d5 a5 8. Be2
Na6 9. h4 h5 10. Bg5 Qe8 11. Qd2 Bd7 12. f3 Nh7 13. Bh6 Qe7 14. O-O-O Nc5 15.
Rdg1 Rfe8 16. Bxg7 Kxg7 17. Nf1 f6 18. g4 hxg4 19. fxg4 Rh8 20. Ng3 b6 21. Nf5+
Bxf5 22. gxf5 g5 23. Bh5 Nd7 24. Rg2 Kf8 25. Rhg1 Kg7 26. Nd1 Rag8 27. Nf2 Kf8
28. Nh3 Rg7 29. Bg6 Rhg8 30. hxg5 fxg5 31. Bxh7 Rxh7 32. Nxg5 Rxg5 33. Qxg5
Qxg5+ 34. Rxg5 Nf6 35. Rg6 Nxe4 36. f6 Kf7 37. Rg7+ Rxg7 38. Rxg7+ Kxf6 39.
Rxc7 Nc5 40. Kd2 Kf5 41. Ke3 e4 42. Rc6 Ke5 43. Rxb6 Nd7 44. Rb7 Nc5 45. Ra7 a4
46. Rf7 Nd3 47. b3 Nc1 48. bxa4 Nxa2 49. a5 Nb4 50. Rb7 Nc2+ 51. Kd2 Nd4 52. a6
Kf4 53. Re7 e3+ 54. Rxe3 1-0

[Event "GBR-ch108 Under 16"]
[Site "Torquay"]
[Date "2022.08.09"]
[Round "3"]
[White "Ball, Katie C"]
[Black "Fleri, Luke"]
[Result "1-0"]
[WhiteElo "1259"]
[BlackElo "1483"]
[PlyCount "117"]
[EventDate "2022.08.08"]
[EventType "swiss"]
[EventRounds "7"]
[EventCountry "GBR"]
[SourceTitle "BritBase"]
[Source "John Saunders"]
[SourceDate "2021.06.05"]
[SourceVersion "1"]
[SourceVersionDate "2021.06.05"]
[SourceQuality "1"]

1. d4 d5 2. Nc3 Nf6 3. Bf4 c5 4. e3 Nc6 5. Nb5 e5 6. dxe5 Ng4 7. e6 Nge5 8.
exf7+ Kxf7 9. Nf3 Ng6 10. Bg3 Be6 11. Bd3 Be7 12. Bxg6+ hxg6 13. Nc7 Rc8 14.
Nxe6 Kxe6 15. Qd3 Kf7 16. O-O Bf6 17. c3 Qd7 18. Rad1 Rcd8 19. Rfe1 g5 20. e4
g4 21. Nd2 dxe4 22. Qc4+ Qd5 23. Qxd5+ Rxd5 24. Nxe4 Rxd1 25. Rxd1 Be7 26. Nd6+
Bxd6 27. Rxd6 Rd8 28. Kf1 Rxd6 29. Bxd6 Ke6 30. Bxc5 a6 31. Ke2 Kf5 32. Ke3 g6
33. Bd4 Ne7 34. c4 Nc6 35. a3 a5 36. b3 Nd8 37. Bc3 Nc6 38. Bd2 Ke5 39. Be1 Kf5
40. Bc3 g5 41. Bd2 Ke5 42. Be1 Kf5 43. Bc3 Kg6 44. Ke4 Kh5 45. Kf5 Ne7+ 46. Ke6
Ng6 47. g3 Nf4+ 48. gxf4 gxf4 49. Kf5 f3 50. Bxa5 Kh4 51. Bc7 Kh3 52. Bg3 b5
53. cxb5 Kg2 54. b6 Kh3 55. b7 Kg2 56. b8=Q Kh3 57. Qe5 Kg2 58. Qe1 Kh3 59.
Qf1# 1-0

[Event "GBR-ch108 Under 16"]
[Site "Torquay"]
[Date "2022.08.09"]
[Round "3"]
[White "Edwards, David M"]
[Black "Jackson, Edward"]
[Result "0-1"]
[WhiteElo "2197"]
[BlackElo "1496"]
[PlyCount "86"]
[EventDate "2022.08.08"]
[EventType "swiss"]
[EventRounds "7"]
[EventCountry "GBR"]
[SourceTitle "BritBase"]
[Source "John Saunders"]
[SourceDate "2021.06.05"]
[SourceVersion "1"]
[SourceVersionDate "2021.06.05"]
[SourceQuality "1"]

1. e4 c6 2. Nf3 d5 3. exd5 cxd5 4. d4 Nc6 5. Nc3 Bg4 6. Be2 Nf6 7. O-O e6 8.
Bf4 Bd6 9. Bxd6 Qxd6 10. Re1 O-O 11. a3 Rab8 12. Na4 Rfc8 13. b3 b5 14. Nc5
Bxf3 15. Bxf3 Nxd4 16. Qxd4 Qxc5 17. Qxc5 Rxc5 18. Ra2 Rbc8 19. Rc1 Rc3 20. Rb2
a5 21. a4 b4 22. h3 Nd7 23. Be2 g5 24. Ba6 R8c7 25. Be2 Ne5 26. Kf1 d4 27. Kg1
d3 28. Bd1 Nc6 29. Ra2 Nd4 30. Kf1 dxc2 31. Rb2 cxd1=Q+ 32. Rxd1 Rc1 33. Rbd2
Rxd1+ 34. Rxd1 Nxb3 35. Rd8+ Kg7 36. g3 Nc5 37. Ra8 b3 38. Rxa5 b2 39. Rb5 Rb7
40. Rxc5 b1=Q+ 41. Kg2 Qe4+ 42. Kh2 Rb1 43. Rxg5+ Kf8 0-1

[Event "GBR-ch108 Under 16"]
[Site "Torquay"]
[Date "2022.08.09"]
[Round "3"]
[White "Gardner, Leo"]
[Black "Harandi, Teymour"]
[Result "1/2-1/2"]
[WhiteElo "1420"]
[BlackElo "1128"]
[PlyCount "53"]
[EventDate "2022.08.08"]
[EventType "swiss"]
[EventRounds "7"]
[EventCountry "GBR"]
[SourceTitle "BritBase"]
[Source "John Saunders"]
[SourceDate "2021.06.05"]
[SourceVersion "1"]
[SourceVersionDate "2021.06.05"]
[SourceQuality "1"]

1. e4 c5 2. Nf3 e6 3. d4 cxd4 4. Nxd4 a6 5. Bd3 Qc7 6. O-O Nc6 7. Nxc6 dxc6 8.
c4 Bd6 9. h3 e5 10. Nd2 Nf6 11. Nf3 h6 12. b3 O-O 13. Bb2 b6 14. Re1 Bb7 15.
Qe2 Rfe8 16. a3 Rad8 17. Rad1 Nd7 18. Nh4 g6 19. Bc2 Nc5 20. b4 Ne6 21. g3 c5
22. b5 a5 23. Rd2 Nd4 24. Qd1 Be7 25. Ng2 Bc8 26. Kh2 Qd7 27. g4 1/2-1/2

[Event "GBR-ch108 Under 16"]
[Site "Torquay"]
[Date "2022.08.09"]
[Round "3"]
[White "Ismail, Mohammed Aayan"]
[Black "Liu, Jack"]
[Result "1-0"]
[WhiteElo "1956"]
[BlackElo "1417"]
[PlyCount "81"]
[EventDate "2022.08.08"]
[EventType "swiss"]
[EventRounds "7"]
[EventCountry "GBR"]
[SourceTitle "BritBase"]
[Source "John Saunders"]
[SourceDate "2021.06.05"]
[SourceVersion "1"]
[SourceVersionDate "2021.06.05"]
[SourceQuality "1"]

1. Nf3 Nf6 2. g3 g6 3. Bg2 Bg7 4. O-O d5 5. d3 O-O 6. Nbd2 c5 7. e4 Nc6 8. Re1
dxe4 9. dxe4 e5 10. c3 Qc7 11. Qc2 h6 12. Nf1 Be6 13. Be3 b6 14. h3 Rfd8 15. g4
Nh7 16. Ng3 Nf8 17. Bf1 Na5 18. b3 c4 19. b4 Nb7 20. Rab1 Nd7 21. Bg2 a5 22. a3
axb4 23. axb4 Nd6 24. Nh4 Nb5 25. Ra1 Ra7 26. Rxa7 Qxa7 27. Nhf5 Qa3 28. Rc1 g5
29. Qd2 f6 30. Nh5 Bxf5 31. exf5 Nc7 32. Bxb6 Qxc1+ 33. Qxc1 Nxb6 34. Qe3 Ncd5
35. Qc5 Bf8 36. Bxd5+ Nxd5 37. Qxc4 Kh7 38. Qc6 Be7 39. Qe6 Bf8 40. Qf7+ Kh8
41. Nxf6 1-0

[Event "GBR-ch108 Under 16"]
[Site "Torquay"]
[Date "2022.08.09"]
[Round "3"]
[White "Jithendra, Raina"]
[Black "Jayawarna, Tarini"]
[Result "1-0"]
[WhiteElo "1342"]
[BlackElo "1295"]
[PlyCount "87"]
[EventDate "2022.08.08"]
[EventType "swiss"]
[EventRounds "7"]
[EventCountry "GBR"]
[SourceTitle "BritBase"]
[Source "John Saunders"]
[SourceDate "2021.06.05"]
[SourceVersion "1"]
[SourceVersionDate "2021.06.05"]
[SourceQuality "1"]

1. e4 e6 2. d4 d5 3. Nd2 c5 4. exd5 Qxd5 5. dxc5 Bxc5 6. Qf3 Nf6 7. Qxd5 Nxd5
8. Ngf3 Nb4 9. Bd3 Nxd3+ 10. cxd3 Nc6 11. a3 Bd6 12. Nc4 Bc7 13. O-O b6 14. b4
Bb7 15. Bb2 O-O 16. Rac1 Bf4 17. Rc2 f6 18. Re1 Kf7 19. Rce2 b5 20. Ne3 Rfd8
21. Nc2 e5 22. d4 exd4 23. Ncxd4 a6 24. Ne6 Bd6 25. Nxd8+ Rxd8 26. Rd2 Bc7 27.
Red1 Rxd2 28. Rxd2 Ke6 29. Nd4+ Nxd4 30. Bxd4 Bf4 31. Be3 Be5 32. Re2 Kd5 33.
Rc2 g5 34. g3 h6 35. f4 Bd6 36. Bc5 Bb8 37. fxg5 fxg5 38. Bf8 h5 39. Rc5+ Ke6
40. Rxg5 Be5 41. Bg7 Bc7 42. Rxh5 Bb6+ 43. Kf1 Bd5 44. Rh6+ 1-0

[Event "GBR-ch108 Under 16"]
[Site "Torquay"]
[Date "2022.08.09"]
[Round "3"]
[White "McCauley, Rohan"]
[Black "Sachdeva, Ronit"]
[Result "1/2-1/2"]
[WhiteElo "1176"]
[BlackElo "1327"]
[PlyCount "37"]
[EventDate "2022.08.08"]
[EventType "swiss"]
[EventRounds "7"]
[EventCountry "GBR"]
[SourceTitle "BritBase"]
[Source "John Saunders"]
[SourceDate "2021.06.05"]
[SourceVersion "1"]
[SourceVersionDate "2021.06.05"]
[SourceQuality "1"]

1. d4 d5 2. Nc3 Nf6 3. Bf4 c5 4. dxc5 d4 5. Nb1 Nc6 6. Nf3 Bg4 7. Ne5 Qd5 8.
Nxg4 Nxg4 9. e3 e5 10. Qxg4 exf4 11. exf4 Bxc5 12. Bd3 Bb4+ 13. Kf1 O-O 14. Qf5
Qxf5 15. Bxf5 Rfe8 16. g3 Re1+ 17. Kg2 Rae8 18. Na3 Rxa1 19. Rxa1 1/2-1/2

[Event "GBR-ch108 Under 16"]
[Site "Torquay"]
[Date "2022.08.09"]
[Round "3"]
[White "Neenan, Henry"]
[Black "Buckman, Cyrus"]
[Result "1-0"]
[WhiteElo "1570"]
[BlackElo "1218"]
[PlyCount "55"]
[EventDate "2022.08.08"]
[EventType "swiss"]
[EventRounds "7"]
[EventCountry "GBR"]
[SourceTitle "BritBase"]
[Source "John Saunders"]
[SourceDate "2021.06.05"]
[SourceVersion "1"]
[SourceVersionDate "2021.06.05"]
[SourceQuality "1"]

1. e4 d5 2. exd5 Nf6 3. c4 e6 4. dxe6 Bxe6 5. Nf3 Nc6 6. d4 Bb4+ 7. Nc3 Bg4 8.
d5 Ne5 9. Qa4+ Nc6 10. dxc6 Bxc3+ 11. bxc3 O-O 12. cxb7 Rb8 13. Qxa7 Re8+ 14.
Be3 Ne4 15. Be2 Nxc3 16. Qd4 Qxd4 17. Nxd4 Nxe2 18. Nxe2 Rxb7 19. h3 Bxe2 20.
Kxe2 Rb2+ 21. Kf3 h6 22. Rhb1 Rc2 23. c5 Re6 24. a4 Rf6+ 25. Kg3 Rg6+ 26. Kh2
Ra6 27. Rb7 c6 28. Rb6 1-0

[Event "GBR-ch108 Under 16"]
[Site "Torquay"]
[Date "2022.08.09"]
[Round "3"]
[White "Srivastava, Arnav"]
[Black "Maton, Emily"]
[Result "1-0"]
[WhiteElo "1594"]
[BlackElo "1431"]
[PlyCount "111"]
[EventDate "2022.08.08"]
[EventType "swiss"]
[EventRounds "7"]
[EventCountry "GBR"]
[SourceTitle "BritBase"]
[Source "John Saunders"]
[SourceDate "2021.06.05"]
[SourceVersion "1"]
[SourceVersionDate "2021.06.05"]
[SourceQuality "1"]

1. d4 Nf6 2. Bf4 g6 3. e3 Bg7 4. Nf3 d6 5. c4 O-O 6. Be2 c5 7. Nc3 Qb6 8. Qd2
Bf5 9. h3 Ne4 10. Nxe4 Bxe4 11. Rd1 Nc6 12. d5 Bxf3 13. Bxf3 Ne5 14. Be2 a5 15.
O-O Qb4 16. Qc2 Rfd8 17. e4 Nd7 18. Rb1 a4 19. Bd2 Qb6 20. f4 e6 21. dxe6 fxe6
22. f5 exf5 23. exf5 Ne5 24. f6 Bh8 25. Bg5 Nf7 26. h4 d5 27. cxd5 Rxd5 28. Bc4
Rd6 29. h5 Kf8 30. hxg6 Nxg5 31. g7+ Bxg7 32. fxg7+ Kxg7 33. Rf5 Rg6 34. Qc3+
Kh6 35. Rf4 Rd6 36. Qe5 Rad8 37. Rbf1 Nh3+ 38. gxh3 Rg6+ 39. Rg4 Qd6 40. Qe3+
Kg7 41. Rf7+ Kh8 42. Qc3+ Qd4+ 43. Qxd4+ Rxd4 44. Rf8+ Kg7 45. Rg8+ Kf6 46.
R8xg6+ hxg6 47. Rxd4 cxd4 48. Bb5 Ke5 49. Bxa4 Ke4 50. Kg2 Ke3 51. Kg3 Kd2 52.
Kf4 Kc1 53. Ke4 Kxb2 54. Kxd4 Kxa2 55. h4 Ka3 56. Be8 1-0

[Event "GBR-ch108 Under 16"]
[Site "Torquay"]
[Date "2022.08.09"]
[Round "3"]
[White "Tomy, Jeff"]
[Black "Badacsonyi, Frankie"]
[Result "1/2-1/2"]
[WhiteElo "1577"]
[BlackElo "1732"]
[PlyCount "73"]
[EventDate "2022.08.08"]
[EventType "swiss"]
[EventRounds "7"]
[EventCountry "GBR"]
[SourceTitle "BritBase"]
[Source "John Saunders"]
[SourceDate "2021.06.05"]
[SourceVersion "1"]
[SourceVersionDate "2021.06.05"]
[SourceQuality "1"]

1. d4 Nf6 2. c4 e6 3. g3 Bb4+ 4. Bd2 Qe7 5. Nf3 Nc6 6. Nc3 Bxc3 7. Bxc3 Ne4 8.
Bg2 Nxc3 9. bxc3 d6 10. O-O O-O 11. e4 e5 12. d5 Na5 13. Qe2 b6 14. Nd2 Bd7 15.
Nb3 Nb7 16. f4 Rae8 17. f5 f6 18. Bf3 g6 19. g4 g5 20. h4 h6 21. Kf2 Kg7 22.
Rh1 Rh8 23. Rh3 Rh7 24. Rah1 Reh8 25. Ke1 Kg8 26. Nd2 Be8 27. Qh2 Nc5 28. Ke2
Nd7 29. Nf1 Nf8 30. Ng3 Qd7 31. Qg2 Qa4 32. Kd3 b5 33. cxb5 Bxb5+ 34. Ke3 Qc4
35. Qc2 Qc5+ 36. Kd2 Qf2+ 37. Ne2 1/2-1/2

[Event "GBR-ch108 Under 16"]
[Site "Torquay"]
[Date "2022.08.09"]
[Round "3"]
[White "Volovich, Julia"]
[Black "Ali, Shahvez"]
[Result "1/2-1/2"]
[WhiteElo "1625"]
[BlackElo "1554"]
[PlyCount "147"]
[EventDate "2022.08.08"]
[EventType "swiss"]
[EventRounds "7"]
[EventCountry "GBR"]
[SourceTitle "BritBase"]
[Source "John Saunders"]
[SourceDate "2021.06.05"]
[SourceVersion "1"]
[SourceVersionDate "2021.06.05"]
[SourceQuality "1"]

1. d4 d5 2. c4 e6 3. Nc3 Nf6 4. cxd5 exd5 5. Bg5 Be7 6. e3 c6 7. Bd3 Nbd7 8.
Qc2 b6 9. Nf3 Bb7 10. O-O h6 11. Bh4 O-O 12. Rad1 Re8 13. Rfe1 Ne4 14. Bxe7
Qxe7 15. Nd2 Nxd2 16. Qxd2 Rad8 17. f3 c5 18. dxc5 Qxc5 19. Nb5 Ne5 20. b3 Nxd3
21. Qxd3 Ba6 22. a4 Bxb5 23. axb5 d4 24. e4 Re5 25. f4 Re7 26. Rc1 Qb4 27. Red1
Rde8 28. e5 Rd7 29. Qc4 Qxc4 30. bxc4 f6 31. exf6 gxf6 32. Rd3 Re4 33. g3 Re2
34. Rcd1 Re4 35. Kf2 f5 36. Kf3 Kf7 37. h3 Kg6 38. g4 Kf6 39. h4 Kg6 40. R1d2
Rd8 41. Rd1 Rd7 42. Rg1 Rde7 43. h5+ Kf7 44. g5 Re3+ 45. Rxe3 Rxe3+ 46. Kf2 Rh3
47. gxh6 Rxh5 48. Rg7+ Kf6 49. Rxa7 Rxh6 50. Rd7 Rh2+ 51. Kf3 Ke6 52. Rxd4 Rh3+
53. Ke2 Rh2+ 54. Kd3 Rh3+ 55. Kd2 Rf3 56. Ke2 Rc3 57. Kf2 Ke7 58. Ke2 Ke6 59.
Kd2 Rf3 60. Kc2 Ke7 61. Kd2 Ke6 62. Ke2 Rc3 63. Kf2 Ke7 64. Rd5 Ke6 65. Re5+
Kf6 66. Rd5 Ke6 67. Re5+ Kf6 68. Re8 Rxc4 69. Rb8 Rxf4+ 70. Kg3 Rb4 71. Rxb6+
Ke5 72. Rb8 Kd6 73. b6 Kc6 74. Rf8 1/2-1/2

[Event "GBR-ch108 Under 16"]
[Site "Torquay"]
[Date "2022.08.10"]
[Round "4"]
[White "Ali, Shahvez"]
[Black "McCauley, Rohan"]
[Result "1/2-1/2"]
[WhiteElo "1554"]
[BlackElo "1176"]
[PlyCount "75"]
[EventDate "2022.08.08"]
[EventType "swiss"]
[EventRounds "7"]
[EventCountry "GBR"]
[SourceTitle "BritBase"]
[Source "John Saunders"]
[SourceDate "2021.06.05"]
[SourceVersion "1"]
[SourceVersionDate "2021.06.05"]
[SourceQuality "1"]

1. d4 Nf6 2. Nf3 e6 3. c4 Nc6 4. g3 d5 5. Qc2 dxc4 6. Qxc4 Bb4+ 7. Bd2 Bd6 8.
Nc3 O-O 9. e4 e5 10. d5 Ne7 11. Bg2 h6 12. O-O a6 13. a4 Rb8 14. b4 Bd7 15. b5
axb5 16. Nxb5 Bxb5 17. axb5 Nd7 18. Bc3 Ng6 19. Ne1 Nc5 20. f4 exf4 21. e5 Nxe5
22. Bxe5 Bxe5 23. Rd1 b6 24. Nf3 Bf6 25. Qxf4 Ra8 26. d6 Ne6 27. Qb4 cxd6 28.
Qxd6 Qxd6 29. Rxd6 Rab8 30. Bh3 Ng5 31. Nxg5 Bxg5 32. Rd7 Be3+ 33. Kh1 Rbd8 34.
Re7 Bc5 35. Rc7 Rd2 36. Bg4 Rf2 37. Rd1 Ra8 38. Rc8+ 1/2-1/2

[Event "GBR-ch108 Under 16"]
[Site "Torquay"]
[Date "2022.08.10"]
[Round "4"]
[White "Badacsonyi, Frankie"]
[Black "Srivastava, Arnav"]
[Result "1/2-1/2"]
[WhiteElo "1732"]
[BlackElo "1594"]
[PlyCount "73"]
[EventDate "2022.08.08"]
[EventType "swiss"]
[EventRounds "7"]
[EventCountry "GBR"]
[SourceTitle "BritBase"]
[Source "John Saunders"]
[SourceDate "2021.06.05"]
[SourceVersion "1"]
[SourceVersionDate "2021.06.05"]
[SourceQuality "1"]

1. d4 Nf6 2. c4 e6 3. Nf3 d5 4. Nc3 b6 5. Bg5 Be7 6. e3 Bb7 7. Qc2 O-O 8. Bd3
h6 9. Bh4 c5 10. cxd5 Nxd5 11. Bxe7 Qxe7 12. Nxd5 Bxd5 13. dxc5 Rc8 14. Qe2
Rxc5 15. O-O Nd7 16. e4 Bb7 17. Ba6 Nf6 18. Bxb7 Qxb7 19. e5 Nd5 20. Rfc1 Qc7
21. Rxc5 Qxc5 22. Rd1 Rc8 23. g3 Qc2 24. Kf1 Qa4 25. a3 Qg4 26. Nd4 Qh3+ 27.
Kg1 h5 28. Rd2 Rc1+ 29. Rd1 Rc5 30. Nb3 Rc7 31. Nd4 Rc8 32. Rd2 h4 33. Rd1 g6
34. Nb5 hxg3 35. hxg3 Qf5 36. Nd4 Qg5 37. Qf3 1/2-1/2